000 00598nam a2200229Ia 4500
003 OSt
005 20220928105504.0
006 a|||||r|||| 00| 0
007 ta
008 220927b |||||||| |||| 00| 0 hin d
024 _a138498
037 _cTextual
040 _aSDCL
_cSDCL
_bhin
041 _2hin
_ahin
082 _aO152,1:g(P), K1
100 _aMishr Ramdahin
_9406252
245 0 _aKavyalok.
260 _aBankipur
_bGranthmala-Karyaalaya
_c1961
300 _a361p.
_ccm.
942 _hO152,1:g(P), K1
_cTEXL
_2CC
999 _c731362
_d731362